Normal view
MARC view
- Buildoffsite.com
Entry Corporate Name
001 - CONTROL NUMBER
- control field: 6089
003 - CONTROL NUMBER IDENTIFIER
- control field: OSt
005 - DATE AND TIME OF LATEST TRANSACTION
- control field: 20190806150249.0
008 - FIXED-LENGTH DATA ELEMENTS
- fixed length control field: 120614n| aaannaabn |n ana d
040 ## - CATALOGING SOURCE
- Original cataloging agency: OSt
- Transcribing agency: OSt
110 2# - HEADING--CORPORATE NAME
- Corporate name or jurisdiction name as entry element: Buildoffsite.com
670 ## - SOURCE DATA FOUND
- Source citation: Buildoffsite review 2012